Only Angel - Harry Styles (All Lyrics) - Statistics

General Stats
  • This quiz has been taken 52 times
  • The average score is 196 of 238
Answer Stats
Lyrics % Correct
a
97%
an
97%
angel
97%
I
97%
see
97%
that
97%
you
97%
your
97%
and
94%
be
94%
do
94%
on
94%
only
94%
the
94%
about
91%
in
91%
it
91%
me
91%
my
91%
she
91%
she's
91%
can
88%
i'm
88%
one
88%
to
88%
up
88%
been
84%
but
84%
floor
84%
just
84%
like
84%
nothing
84%
open
84%
that's
84%
there's
84%
think
84%
with
84%
bedroom
81%
door
81%
eyes,
81%
got
81%
knuckles
81%
love
81%
what
81%
who's
81%
across
78%
between
78%
gonna
78%
mouth
78%
short
78%
skirt
78%
told
78%
wait
78%
broke
75%
crawling
75%
her
75%
home
75%
knocking
75%
mother
75%
shut
75%
splinters
75%
still
75%
take
75%
we
75%
when
75%
finger
72%
make
72%
mine
72%
saw
72%
brother
69%
devil
69%
sheets
69%
teeth
69%
couldn't
66%
i'd
66%
really
66%
every
63%
must
63%
out
63%
turns
63%
warning
63%
as
59%
getting
59%
hallway
59%
hey,
59%
hey
59%
signs
59%
single
59%
stuck
59%
thought
59%
time
59%
wanna
59%
admit
56%
die,
56%
die
56%
business
53%
through
53%
tonight
53%
meeting
50%
went
50%
ooh
44%
end
38%
happy
34%
this
34%
No matching quizzes found
Score Distribution
Percent of People with Each Score
Percentile by Number Answered
Your Score History
You have not taken this quiz